[Event "HZ Chess Tournament 2023"]
[Site "Vlissingen, Netherlands"]
[Date "2023.08.09"]
[Round "6.43"]
[White "Bier, Bela"]
[Black "Quintus, Max"]
[Result "1-0"]
[WhiteElo "2008"]
[BlackElo "1630"]
[PlyCount "89"]

1. Nf3 Nf6 2. e3 d5 3. c4 c6 4. Nc3 e6 5. b3 Bb4 6. Bb2 O-O 7. Be2 Nbd7 8. O-O
Re8 9. Qc2 e5 10. d3 Qc7 11. Rfc1 e4 12. Nd2 exd3 13. Bxd3 Nb6 14. Ne2 Bxd2 15.
Qxd2 dxc4 16. bxc4 Qe7 17. Qc2 h6 18. a4 a5 19. Ng3 Be6 20. e4 Nbd7 21. Re1 Nc5
22. Bf1 Rad8 23. e5 Nh7 24. f4 Bc8 25. Ba3 Nf8 26. Ne4 Bf5 27. Bxc5 Qxc5+ 28.
Nxc5 Bxc2 29. Nxb7 Ra8 30. Ra2 Bf5 31. Nd6 Be6 32. Nxe8 Rxe8 33. Rb2 Nd7 34.
Rd1 Nc5 35. Rd6 Nxa4 36. Ra2 Nc3 37. Rxa5 Rb8 38. Ra1 c5 39. Bd3 g6 40. Ra3 Nb1
41. Ra5 Nd2 42. Rxc5 Rb4 43. Rb5 Ra4 44. Rb8+ Kg7 45. Rdd8 1-0

[Event "HZ Chess Tournament 2023"]
[Site "Vlissingen, Netherlands"]
[Date "2023.08.09"]
[Round "6.44"]
[White "Tibke, Jonas"]
[Black "Jacobs, Paul"]
[Result "1-0"]
[WhiteElo "1996"]
[BlackElo "1588"]
[PlyCount "89"]

1. e4 d6 2. d4 g6 3. c3 Bg7 4. f4 Nf6 5. Bd3 e6 6. Nf3 Na6 7. O-O O-O 8. Qe1 c5
9. Bxa6 bxa6 10. dxc5 dxc5 11. e5 Nd5 12. Na3 Nb6 13. Be3 Qc7 14. Qf2 c4 15.
Bc5 Rd8 16. Bd6 Qc6 17. Rad1 Bb7 18. Nd4 Qe8 19. Qe2 Rac8 20. Ndc2 Bf8 21. Bxf8
Qxf8 22. Rxd8 Rxd8 23. Rd1 Qc5+ 24. Rd4 Rc8 25. Kf1 Bd5 26. Ne3 Kg7 27. Ke1 Rc7
28. Kd1 Qc6 29. Kc1 h6 30. Qf1 Kh7 31. g3 Kg7 32. Qh3 Qc5 33. Ng4 h5 34. Nf6
Bf3 35. Ne8+ Kf8 36. Nxc7 Qxc7 37. Qf1 Bd5 38. h3 Qc6 39. Qe2 Bf3 40. Qd2 Bg2
41. Rd8+ Ke7 42. f5 exf5 43. Qg5+ f6 44. exf6+ Kf7 45. Rg8 1-0

[Event "HZ Chess Tournament 2023"]
[Site "Vlissingen, Netherlands"]
[Date "2023.08.09"]
[Round "6.45"]
[White "Van de Breevaart, Rick"]
[Black "Van der Werf, Joel"]
[Result "1/2-1/2"]
[WhiteElo "1779"]
[BlackElo "1993"]
[PlyCount "53"]

1. e4 c5 2. Nf3 Nc6 3. c3 Nf6 4. e5 Nd5 5. d4 cxd4 6. cxd4 d6 7. exd6 e6 8. Nc3
Nxc3 9. bxc3 Bxd6 10. Bd3 h6 11. O-O O-O 12. Re1 Qc7 13. Bd2 e5 14. Nxe5 Nxe5
15. dxe5 Bxe5 16. Qh5 Bf4 17. Bxf4 Qxf4 18. Re4 Qd2 19. Re3 Bd7 20. Qd5 Qb2 21.
Rb1 Bc6 22. Qf5 g6 23. Qf6 Qd2 24. Rg3 Rfe8 25. Rxg6+ fxg6 26. Qxg6+ Kf8 27.
Qd6+ 1/2-1/2

[Event "HZ Chess Tournament 2023"]
[Site "Vlissingen, Netherlands"]
[Date "2023.08.09"]
[Round "6.46"]
[White "Sparenberg, Erik"]
[Black "Loechner, Mark"]
[Result "1/2-1/2"]
[WhiteElo "2128"]
[BlackElo "1607"]
[PlyCount "99"]

1. e4 c5 2. Nf3 g6 3. c4 Nc6 4. d4 cxd4 5. Nxd4 Bg7 6. Be3 d6 7. Nc3 Nf6 8. Be2
O-O 9. O-O Bd7 10. Qd2 Nxd4 11. Bxd4 Bc6 12. f3 Nd7 13. Bf2 Nc5 14. b4 Na4 15.
Nxa4 Bxa4 16. Rac1 Bd7 17. c5 dxc5 18. Rxc5 Be6 19. Rd1 Qxd2 20. Rxd2 Rfd8 21.
Rxd8+ Rxd8 22. Rc2 Bd4 23. b5 Bxf2+ 24. Kxf2 Rd4 25. Rc7 Rd2 26. Ke3 Rxa2 27.
Rxb7 Ra3+ 28. Kd4 Ra4+ 29. Kc5 Ra2 30. Bd3 Ra3 31. Kd4 Ra4+ 32. Kc3 Ra3+ 33.
Kc2 Ra2+ 34. Kc3 Ra3+ 35. Kd2 Ra2+ 36. Ke3 Ra3 37. Rc7 Kf8 38. Kd4 Ke8 39. f4
Ra4+ 40. Bc4 Kd8 41. Rc5 a6 42. bxa6 Bxc4 43. Rxc4 Rxa6 44. Ke3 Ra3+ 45. Ke2
Ra2+ 46. Kf3 f6 47. Rd4+ Ke8 48. Rd3 h5 49. Rb3 Kf7 50. Rc3 1/2-1/2

[Event "HZ Chess Tournament 2023"]
[Site "Vlissingen, Netherlands"]
[Date "2023.08.09"]
[Round "6.47"]
[White "Huijzer, Jacques"]
[Black "Boulahfa, Hicham"]
[Result "0-1"]
[WhiteElo "1767"]
[BlackElo "2001"]
[PlyCount "104"]

1. e4 c5 2. Nf3 d6 3. Bb5+ Bd7 4. Bxd7+ Qxd7 5. c4 Nc6 6. d4 cxd4 7. Nxd4 g6 8.
Be3 Bg7 9. Nc3 Nf6 10. f3 O-O 11. Rc1 Rac8 12. b3 a6 13. O-O Nxd4 14. Bxd4 Qc7
15. Kh1 Qa5 16. Rc2 Rfe8 17. Qd2 b5 18. cxb5 axb5 19. Bxf6 Bxf6 20. Nd5 Qxd2
21. Nxf6+ exf6 22. Rxd2 Red8 23. Rfd1 Kf8 24. Kg1 Ke7 25. Kf2 Rc5 26. Rd5 Rxd5
27. Rxd5 Ra8 28. Rxb5 Rxa2+ 29. Kg3 Ke6 30. b4 Rc2 31. h4 h5 32. Rb7 Rb2 33. b5
f5 34. exf5+ gxf5 35. b6 f4+ 36. Kxf4 Rxg2 37. Rb8 Rb2 38. b7 Rb4+ 39. Ke3 Kf5
40. Rh8 Rb3+ 41. Kd4 Rxb7 42. Rxh5+ Kf4 43. Rh6 f5 44. Rxd6 Rh7 45. Kd3 Kxf3
46. Kd2 Rxh4 47. Rd3+ Kf2 48. Rd5 f4 49. Rg5 f3 50. Kd3 Rh1 51. Ke4 Ke2 52. Ra5
Rh4+ 0-1

[Event "HZ Chess Tournament 2023"]
[Site "Vlissingen, Netherlands"]
[Date "2023.08.09"]
[Round "6.48"]
[White "Vedant Kumar Saravana"]
[Black "Bielawa, Jaro Maximilian"]
[Result "1-0"]
[WhiteElo "1993"]
[BlackElo "1802"]
[PlyCount "143"]

1. e4 e5 2. Nf3 Nc6 3. Bc4 Bc5 4. c3 Nf6 5. d3 h6 6. O-O O-O 7. a4 a6 8. Nbd2
d6 9. Re1 Qe7 10. h3 Be6 11. Bxe6 Qxe6 12. Nf1 Ba7 13. Be3 Bxe3 14. Nxe3 Ne7
15. Qc2 Nh5 16. d4 Nf4 17. Nf5 Nfg6 18. Re3 b6 19. h4 f6 20. h5 Nh8 21. N3h4
Rf7 22. Rg3 Nxf5 23. Nxf5 Kh7 24. Qe2 a5 25. Qd2 Rg8 26. d5 Qe8 27. b4 Qa8 28.
Qe2 axb4 29. cxb4 Rd7 30. Qg4 Qe8 31. Nh4 g6 32. hxg6+ Nxg6 33. Qf5 Rdg7 34.
Nxg6 Rxg6 35. Rxg6 Qxg6 36. a5 bxa5 37. bxa5 Qxf5 38. exf5 Ra8 39. a6 Ra7 40.
Kf1 h5 41. Ke2 Kg7 42. Kd3 Kh6 43. Kc4 Kg5 44. Kb5 Kxf5 45. Ra4 e4 46. Kc6 Ke5
47. Kd7 c5+ 48. Kc6 c4 49. Kb6 Ra8 50. Rxc4 Kxd5 51. Ra4 Ke5 52. a7 d5 53. Ra5
Kd4 54. Kb7 Rg8 55. Kc6 Rc8+ 56. Kd6 Rd8+ 57. Kc6 Rc8+ 58. Kb7 Rg8 59. Ra1 Kc3
60. Rc1+ Kd2 61. Rc8 Rxc8 62. Kxc8 d4 63. a8=Q e3 64. fxe3 dxe3 65. Qd5+ Ke1
66. Qxh5 e2 67. Kd7 Kd1 68. Ke6 Kd2 69. Qd5+ Ke3 70. Qa5 Kf2 71. Kxf6 Kxg2 72.
Qe1 1-0

[Event "HZ Chess Tournament 2023"]
[Site "Vlissingen, Netherlands"]
[Date "2023.08.09"]
[Round "6.49"]
[White "Verhoeven, Robin"]
[Black "Van Driel, Eric"]
[Result "1-0"]
[WhiteElo "1992"]
[BlackElo "1770"]
[PlyCount "81"]

1. e4 c6 2. d4 d5 3. e5 c5 4. dxc5 Nc6 5. a3 Nxe5 6. b4 Nf6 7. Bb2 Qc7 8. Nd2
e6 9. Ngf3 Ng6 10. h4 h5 11. g3 b6 12. cxb6 Qxb6 13. Bd3 Bd6 14. c4 Qc7 15.
Bxg6 fxg6 16. Qc2 Rh6 17. c5 Ng4 18. Nf1 Be5 19. Nxe5 Nxe5 20. O-O-O Nc4 21.
Nd2 Nxb2 22. Kxb2 Qf7 23. f4 Qf6+ 24. Ka2 Qf5 25. Qb3 Bd7 26. Rhe1 Rh8 27. Re5
Qg4 28. Rde1 O-O-O 29. Rg5 Qh3 30. Qf3 Qh2 31. Qe2 Qxe2 32. Rxe2 Bb5 33. Rxe6
Rhe8 34. Ree5 Rxe5 35. Rxe5 Rd7 36. Kb3 a6 37. Nf3 Bc4+ 38. Kc3 Ra7 39. Nd4 a5
40. b5 Rc7 41. c6 1-0

[Event "HZ Chess Tournament 2023"]
[Site "Vlissingen, Netherlands"]
[Date "2023.08.09"]
[Round "6.50"]
[White "Kompaan, Rick"]
[Black "Gosman, Theo"]
[Result "1/2-1/2"]
[WhiteElo "1771"]
[BlackElo "1986"]
[PlyCount "87"]

1. d4 Nf6 2. c4 e5 3. dxe5 Ng4 4. e4 Nxe5 5. f4 Ng6 6. Be3 Bb4+ 7. Nd2 Qe7 8.
Bd3 Qd6 9. Qb3 Bxd2+ 10. Bxd2 Nxf4 11. Bxf4 Qxf4 12. Ne2 Qe3 13. Rf1 Nc6 14.
Rf3 Qb6 15. Qc3 Qb4 16. Qxb4 Nxb4 17. Nd4 Nxd3+ 18. Rxd3 a6 19. Nf5 O-O 20.
Ne7+ Kh8 21. Nxc8 Raxc8 22. Rxd7 Rfe8 23. O-O-O Kg8 24. b3 Rxe4 25. Rxc7 Rce8
26. Rxb7 h5 27. Rd2 g5 28. Rf2 Rf4 29. Rxf4 gxf4 30. Kd2 Re6 31. b4 Rg6 32. g3
fxg3 33. hxg3 Rxg3 34. c5 Rg6 35. Rb6 Kf8 36. Rb8+ Kg7 37. Rb6 Kf8 38. a4 h4
39. Ke3 Ke7 40. Rb7+ Ke6 41. Rb8 Kd5 42. Rd8+ Kc6 43. Rc8+ Kd5 44. Rd8+ 1/2-1/2

[Event "HZ Chess Tournament 2023"]
[Site "Vlissingen, Netherlands"]
[Date "2023.08.09"]
[Round "6.51"]
[White "Blom, Huub"]
[Black "De Wolf, Johan"]
[Result "1/2-1/2"]
[WhiteElo "1759"]
[BlackElo "1984"]
[PlyCount "69"]

1. e4 d5 2. exd5 Nf6 3. Bb5+ Bd7 4. Bc4 Bg4 5. f3 Bc8 6. Nc3 Nbd7 7. Nge2 Nb6
8. b3 Nfxd5 9. Nxd5 Nxd5 10. O-O c6 11. Bb2 e6 12. Ng3 h5 13. Bxd5 cxd5 14. Qe2
Bd7 15. a4 h4 16. Nf5 Qg5 17. Ne3 Bd6 18. Rf2 Qf4 19. g3 hxg3 20. hxg3 Qxg3+
21. Rg2 Qh3 22. Nf1 O-O-O 23. Bxg7 Qh1+ 24. Kf2 Qh4+ 25. Ke3 Bf4+ 26. Kd3 Rhg8
27. Bd4 Rxg2 28. Qxg2 Qh7+ 29. Kc3 Kb8 30. Kb2 Rc8 31. d3 Ka8 32. Ka2 Bb8 33.
Ne3 Rg8 34. Rh1 Qg6 35. Qxg6 1/2-1/2

[Event "HZ Chess Tournament 2023"]
[Site "Vlissingen, Netherlands"]
[Date "2023.08.09"]
[Round "6.52"]
[White "Groen, Jari"]
[Black "Kools, Jasper"]
[Result "1-0"]
[WhiteElo "1961"]
[BlackElo "1770"]
[PlyCount "107"]

1. e4 e6 2. d4 d5 3. Nc3 Nf6 4. e5 Nfd7 5. f4 c5 6. Nf3 Nc6 7. Be3 a6 8. a3 b5
9. Bd3 Qb6 10. O-O cxd4 11. Bf2 b4 12. Na4 Qa5 13. axb4 Bxb4 14. Nxd4 Nxd4 15.
Bxd4 Qc7 16. c3 Be7 17. b4 a5 18. b5 Nc5 19. Bc2 Nxa4 20. Bxa4 Bd7 21. Qd3 Bc5
22. Rfb1 Qb6 23. Bxc5 Qxc5+ 24. Qd4 Qxd4+ 25. cxd4 Ke7 26. Rc1 Rhc8 27. Rc5
Rab8 28. Rac1 Kd8 29. Kf2 Rb6 30. R1c3 Rcb8 31. Rb3 R6b7 32. Ke2 Be8 33. f5 Ke7
34. fxe6 fxe6 35. Kf3 Bh5+ 36. g4 Be8 37. Kg3 Bd7 38. Kg2 Rf8 39. Rf3 Rfb8 40.
Rb3 Rf8 41. Rf3 Rfb8 42. Rh3 h6 43. Rf3 Be8 44. Kg3 Bd7 45. g5 hxg5 46. Kg4 Rf8
47. Rxf8 Kxf8 48. Kxg5 Kg8 49. h4 Kh7 50. h5 Be8 51. Rc8 Re7 52. Bc2+ Kg8 53.
b6 a4 54. Bxa4 1-0

[Event "HZ Chess Tournament 2023"]
[Site "Vlissingen, Netherlands"]
[Date "2023.08.09"]
[Round "6.53"]
[White "Westerweele, Henrik"]
[Black "Den Heijer, Rolinde"]
[Result "1-0"]
[WhiteElo "1948"]
[BlackElo "1769"]
[PlyCount "105"]

1. e4 c5 2. c3 d5 3. exd5 Qxd5 4. d4 g6 5. Nf3 Bg7 6. Nbd2 cxd4 7. Bc4 Qc6 8.
Qb3 Be6 9. Bxe6 Qxe6+ 10. Qxe6 fxe6 11. Nxd4 Bxd4 12. cxd4 Nc6 13. Nf3 Rd8 14.
Be3 Nf6 15. O-O Rd5 16. Rfe1 a6 17. Re2 Ng4 18. Bd2 Rf8 19. h3 Rxf3 20. gxf3
Nxd4 21. Re4 Nxf3+ 22. Kg2 Nf6 23. Rxe6 Nxd2 24. Rae1 Rd7 25. Rxf6 Nc4 26. b3
Nd6 27. Rf4 Rc7 28. Rh4 h5 29. Rd4 Kf7 30. Re2 Rc5 31. Red2 Ke6 32. Re2+ Kf7
33. Rdd2 Rc7 34. Rc2 Rd7 35. Red2 Ke8 36. a4 Kd8 37. Rc5 Ke8 38. b4 Kf7 39. b5
axb5 40. axb5 Ke8 41. b6 Rd8 42. Rc7 Rb8 43. Kf3 Kf8 44. Kf4 Ke8 45. Ke5 Nf7+
46. Kf4 Nd6 47. Rd1 Kf8 48. f3 Ra8 49. Rxd6 exd6 50. Rxb7 Rd8 51. Rh7 Kg8 52.
Rc7 Rb8 53. b7 1-0

[Event "HZ Chess Tournament 2023"]
[Site "Vlissingen, Netherlands"]
[Date "2023.08.09"]
[Round "6.54"]
[White "Muskens, Mink"]
[Black "Van t Hoff, Tom"]
[Result "0-1"]
[WhiteElo "1719"]
[BlackElo "1936"]
[PlyCount "38"]

1. e4 c5 2. d4 cxd4 3. c3 Nf6 4. e5 Nd5 5. Nf3 Nc6 6. cxd4 d6 7. Bb5 Qa5+ 8.
Nc3 Nxc3 9. Bxc6+ bxc6 10. bxc3 dxe5 11. dxe5 Ba6 12. Qc2 e6 13. Be3 Bc5 14.
Nd4 Bxd4 15. Bxd4 Rd8 16. Qe4 O-O 17. Qe3 c5 18. Bxc5 Rd3 19. Bb4 Rxe3+ 0-1

[Event "HZ Chess Tournament 2023"]
[Site "Vlissingen, Netherlands"]
[Date "2023.08.10"]
[Round "7.1"]
[White "Schoppen, Casper"]
[Black "Ter-Sahakyan, Samvel"]
[Result "1/2-1/2"]
[WhiteElo "2498"]
[BlackElo "2604"]
[PlyCount "114"]

1. e4 c5 2. Nf3 Nc6 3. Bb5 g6 4. Bxc6 bxc6 5. O-O Bg7 6. Re1 Qc7 7. Na3 d5 8.
d3 Nf6 9. h3 Nd7 10. c3 dxe4 11. dxe4 O-O 12. Bg5 Re8 13. Qe2 a5 14. e5 Nf8 15.
Qe3 Ne6 16. Bh6 Bh8 17. Rad1 Rd8 18. Qe4 Ba6 19. h4 Rd7 20. b3 Rad8 21. Rxd7
Qxd7 22. Nc4 Qc7 23. Nb2 Bb7 24. c4 Nd4 25. Bf4 Qb6 26. Na4 Qb4 27. Rd1 Nxf3+
28. Qxf3 Rd4 29. e6 fxe6 30. Be3 Bf6 31. Bxd4 cxd4 32. h5 c5 33. Qg3 Be4 34.
hxg6 Bxg6 35. f4 Kf7 36. Nb2 Qa3 37. Nd3 a4 38. Ne5+ Kg7 39. Nxg6 hxg6 40. Qd3
Qxa2 41. bxa4 Qxa4 42. Re1 Kf7 43. Kh2 Qb4 44. Rc1 Qb8 45. g3 e5 46. fxe5 Qxe5
47. Rf1 Qe6 48. Kg2 Kg7 49. Rf4 Qc6+ 50. Re4 Qb7 51. Qe2 Qb3 52. Rxe7+ Bxe7 53.
Qxe7+ Kg8 54. Qe8+ Kg7 55. Qe7+ Kg8 56. Qe8+ Kg7 57. Qe7+ Kg8 1/2-1/2

[Event "HZ Chess Tournament 2023"]
[Site "Vlissingen, Netherlands"]
[Date "2023.08.10"]
[Round "7.2"]
[White "Dardha, Daniel"]
[Black "Maatman, Nick"]
[Result "0-1"]
[WhiteElo "2598"]
[BlackElo "2362"]
[PlyCount "110"]

1. d4 Nf6 2. c4 e6 3. Nf3 d5 4. Nc3 Bb4 5. Qa4+ Nc6 6. a3 Bxc3+ 7. bxc3 Ne4 8.
Bf4 Nxc3 9. Qc2 Ne4 10. e3 g5 11. Bg3 h5 12. cxd5 exd5 13. Bb5 Bd7 14. h4 Nxg3
15. fxg3 gxh4 16. Bxc6 Bxc6 17. O-O hxg3 18. Qf5 Rf8 19. Ng5 Qd7 20. Nh7 Qxf5
21. Rxf5 Rh8 22. Nf6+ Ke7 23. Raf1 h4 24. R1f4 Raf8 25. e4 dxe4 26. d5 Bd7 27.
Rxe4+ Kd8 28. Rff4 h3 29. Rb4 b6 30. a4 hxg2 31. a5 Rh2 32. Nxd7 Re8 33. Rbe4
Rxe4 34. Rxe4 Kxd7 35. d6 Rh7 36. dxc7 bxa5 37. Rc4 Kc8 38. Rc5 f6 39. Rxa5
Rxc7 40. Kxg2 Kb7 41. Rb5+ Ka6 42. Rb3 Rg7 43. Rf3 Rg6 44. Rf5 Kb6 45. Rd5 a5
46. Rf5 a4 47. Rf4 Kb5 48. Re4 Rg5 49. Re6 a3 50. Re3 Kb4 51. Re4+ Kb3 52. Re3+
Kb2 53. Re2+ Kc1 54. Re1+ Kd2 55. Re6 Ra5 0-1

[Event "HZ Chess Tournament 2023"]
[Site "Vlissingen, Netherlands"]
[Date "2023.08.10"]
[Round "7.3"]
[White "Duijker, Rick"]
[Black "Vrolijk, Liam"]
[Result "1/2-1/2"]
[WhiteElo "2198"]
[BlackElo "2517"]
[PlyCount "62"]

1. c4 e5 2. Nc3 Bb4 3. Na4 a5 4. a3 Be7 5. e3 f5 6. d4 d6 7. dxe5 dxe5 8. Qxd8+
Bxd8 9. b3 Bf6 10. Bb2 Na6 11. O-O-O e4 12. Nh3 Bxb2+ 13. Kxb2 Nf6 14. Nf4 Bd7
15. Nc3 c6 16. Be2 Ke7 17. Na4 Rad8 18. c5 Nc7 19. Nb6 Be6 20. h4 Bf7 21. Rxd8
Rxd8 22. Rd1 Rxd1 23. Bxd1 Na6 24. Nc8+ Kf8 25. b4 axb4 26. axb4 Nxb4 27. Nd6
Nfd5 28. Be2 Nxf4 29. exf4 Nd5 30. g3 Be6 31. Nxb7 Ke7 1/2-1/2

[Event "HZ Chess Tournament 2023"]
[Site "Vlissingen, Netherlands"]
[Date "2023.08.10"]
[Round "7.4"]
[White "Krasenkow, Michal"]
[Black "Goudriaan, Rafael"]
[Result "1-0"]
[WhiteElo "2524"]
[BlackElo "1990"]
[PlyCount "55"]

1. Nf3 Nf6 2. c4 g6 3. Nc3 Bg7 4. e4 d6 5. d4 O-O 6. Be2 e5 7. O-O Nc6 8. d5
Ne7 9. b4 a5 10. bxa5 Rxa5 11. Nd2 b6 12. Nb3 Ra8 13. a4 Nd7 14. a5 bxa5 15.
Nxa5 Rb8 16. Be3 f5 17. f3 f4 18. Bf2 g5 19. Nc6 Nxc6 20. dxc6 Nf6 21. c5 Ne8
22. Bc4+ Kh8 23. Ra7 Rf6 24. Nd5 Rg6 25. cxd6 Qxd6 26. Nxc7 Qxc6 27. Bd5 Qd7
28. Nxe8 1-0

[Event "HZ Chess Tournament 2023"]
[Site "Vlissingen, Netherlands"]
[Date "2023.08.10"]
[Round "7.5"]
[White "Ghazarian, Kirk"]
[Black "Pfreundt, Jakob"]
[Result "1/2-1/2"]
[WhiteElo "2469"]
[BlackElo "2427"]
[PlyCount "35"]

1. d4 Nf6 2. c4 e6 3. g3 d5 4. Nf3 Be7 5. Bg2 c5 6. cxd5 exd5 7. O-O Nc6 8. Nc3
O-O 9. dxc5 Bxc5 10. a3 Ne4 11. Qc2 Nxc3 12. Qxc3 Be7 13. Bf4 Bf6 14. Qd2 Bf5
15. Bg5 Be4 16. Rad1 Re8 17. Qf4 Re6 18. Qd2 1/2-1/2

[Event "HZ Chess Tournament 2023"]
[Site "Vlissingen, Netherlands"]
[Date "2023.08.10"]
[Round "7.6"]
[White "Van der Kaap, Jos"]
[Black "Ikonnikov, Vyacheslav"]
[Result "1/2-1/2"]
[WhiteElo "2224"]
[BlackElo "2467"]
[PlyCount "62"]

1. e4 c5 2. Nf3 Nc6 3. d4 cxd4 4. Nxd4 e5 5. Nb5 d6 6. c4 Be7 7. N5c3 Nf6 8.
Bd3 O-O 9. O-O Bg4 10. f3 Be6 11. Nd5 Bxd5 12. exd5 Nb4 13. Be2 a5 14. Nc3 Nd7
15. Rb1 Bg5 16. Bxg5 Qxg5 17. Nb5 Nxa2 18. Nxd6 Nc5 19. Kh1 f5 20. f4 Qf6 21.
fxe5 Qxe5 22. Nb5 Nb4 23. Bf3 Nbd3 24. d6 Rf6 25. Bxb7 Rb8 26. Bd5+ Kh8 27. Qf3
g5 28. Bc6 Rh6 29. h3 Rf8 30. Qd5 g4 31. Qxe5+ Nxe5 1/2-1/2

[Event "HZ Chess Tournament 2023"]
[Site "Vlissingen, Netherlands"]
[Date "2023.08.10"]
[Round "7.7"]
[White "Van Wely, Loek"]
[Black "Van der Hagen, Loek"]
[Result "1/2-1/2"]
[WhiteElo "2644"]
[BlackElo "2269"]
[PlyCount "80"]

1. Nf3 Nf6 2. c4 g6 3. Nc3 d5 4. cxd5 Nxd5 5. Qa4+ Nc6 6. Ne5 Qd6 7. Nxc6 Qxc6
8. Qxc6+ bxc6 9. g3 Bg7 10. Bg2 Be6 11. b3 O-O-O 12. Bb2 Nxc3 13. Bxc6 Bd5 14.
Bxd5 Rxd5 15. Bxc3 Bxc3 16. dxc3 Rhd8 17. h4 h5 18. f3 Rd2 19. g4 Rb2 20. gxh5
gxh5 21. Rg1 Rdd2 22. Rg2 f6 23. Rd1 Rxd1+ 24. Kxd1 Kd7 25. Rg8 Rxa2 26. Rh8
Ra5 27. Kc2 Rf5 28. Kd3 a5 29. c4 Kd6 30. Rd8+ Kc6 31. Rd4 e6 32. Re4 e5 33. f4
Kc5 34. fxe5 fxe5 35. Kc3 Kd6 36. Re3 Rf4 37. Rd3+ Ke6 38. Rd5 Rxh4 39. Rxa5
Rh3+ 40. Kb4 Re3 1/2-1/2

[Event "HZ Chess Tournament 2023"]
[Site "Vlissingen, Netherlands"]
[Date "2023.08.10"]
[Round "7.8"]
[White "Leenhouts, Koen"]
[Black "Smeets, Kobe"]
[Result "1-0"]
[WhiteElo "2446"]
[BlackElo "2245"]
[PlyCount "107"]

1. d4 d5 2. c4 c6 3. Nf3 Nf6 4. Qb3 dxc4 5. Qxc4 Bf5 6. g3 e6 7. Bg2 Be7 8. O-O
O-O 9. Nbd2 Qb6 10. Nh4 Bg6 11. Nxg6 hxg6 12. b3 Nbd7 13. Bb2 Rfd8 14. Rfd1 a5
15. a3 Rac8 16. Rac1 Qa7 17. e3 b5 18. Qe2 Qb6 19. Rc2 Rc7 20. Rdc1 Rdc8 21.
Bf1 b4 22. a4 c5 23. Qa6 Qxa6 24. Bxa6 Rd8 25. Bb5 Nb6 26. Nf3 Rdc8 27. Ne5
Nbd5 28. Ba6 Ra8 29. Bd3 Rac8 30. e4 Nb6 31. Ba6 Ra8 32. dxc5 Nxa4 33. bxa4
Rxa6 34. f3 Ne8 35. Kf1 Ra8 36. Ke2 Rd8 37. c6 Rcc8 38. Nd7 Nc7 39. Nb6 Rb8 40.
Nd7 Rbc8 41. Rd1 f6 42. Bd4 Na8 43. Nb6 Nxb6 44. Bxb6 b3 45. Rc4 Rd6 46. Rxd6
Bxd6 47. Bd4 e5 48. Bb2 Kf7 49. Kd3 Bb4 50. c7 Ke6 51. Bc3 Kd7 52. Bxb4 b2 53.
Kc2 axb4 54. Kxb2 1-0

[Event "HZ Chess Tournament 2023"]
[Site "Vlissingen, Netherlands"]
[Date "2023.08.10"]
[Round "7.9"]
[White "Syrov, Arkadi"]
[Black "Zwirs, Nico"]
[Result "0-1"]
[WhiteElo "2269"]
[BlackElo "2443"]
[PlyCount "106"]

1. e4 c5 2. Nf3 d6 3. d4 cxd4 4. Nxd4 Nf6 5. Nc3 a6 6. Bg5 e6 7. Qf3 Nbd7 8.
O-O-O Qc7 9. Kb1 h6 10. Bd2 h5 11. Bd3 b5 12. Rhe1 Bb7 13. Qe2 Be7 14. a3 Ne5
15. f4 Nc4 16. e5 dxe5 17. fxe5 Nd5 18. Ncxb5 axb5 19. Nxb5 Nxd2+ 20. Qxd2 Qb6
21. c4 Nc7 22. c5 Bxc5 23. Nd6+ Bxd6 24. exd6 Qxd6 25. Qg5 Bd5 26. Qxg7 O-O-O
27. Qxf7 Rd7 28. Qf2 Kb7 29. Qh4 Rhd8 30. Qxh5 Qb6 31. Qg4 Qb3 32. Qb4+ Qxb4
33. axb4 Bxg2 34. Bc2 Rxd1+ 35. Rxd1 Rh8 36. Rd2 Bd5 37. Bd3 Rh4 38. Kc2 Rxb4
39. Kc3 Rh4 40. b3 Kb6 41. Bc4 Bxc4 42. bxc4 Kc5 43. Re2 Rxc4+ 44. Kd2 Kd5 45.
h3 Ra4 46. Re3 Ra2+ 47. Ke1 Kd4 48. Rg3 Nd5 49. h4 Rh2 50. Ra3 Ne3 51. Ra6 e5
52. h5 Kd3 53. h6 Re2# 0-1

[Event "HZ Chess Tournament 2023"]
[Site "Vlissingen, Netherlands"]
[Date "2023.08.10"]
[Round "7.10"]
[White "Elgersma, Onno"]
[Black "Pham, Khoi"]
[Result "0-1"]
[WhiteElo "2265"]
[BlackElo "2361"]
[PlyCount "96"]

1. e4 e5 2. Nf3 Nc6 3. Bb5 a6 4. Ba4 d6 5. c3 f5 6. exf5 Bxf5 7. d4 e4 8. Bg5
Be7 9. Bxe7 Qxe7 10. Nfd2 Nf6 11. Nf1 d5 12. Ne3 Be6 13. O-O O-O 14. Nd2 b5 15.
Bc2 Rae8 16. a4 Nd8 17. axb5 axb5 18. Qe2 c6 19. Nb3 Bf7 20. Nc5 Bh5 21. Qd2
Ne6 22. Nf5 Qc7 23. Nxe6 Rxe6 24. Qg5 Bg6 25. Ne3 Nh5 26. Bd1 Nf4 27. Qg3 Qf7
28. Kh1 Bh5 29. Bxh5 Qxh5 30. h3 Qe2 31. Qg4 Qxg4 32. Nxg4 Nd3 33. b4 h5 34.
Ne3 Rxf2 35. Rxf2 Nxf2+ 36. Kg1 Nd3 37. Ra7 Rf6 38. Rc7 Nc1 39. g4 g6 40. g5
Rf3 41. Ng2 Ne2+ 42. Kh2 Rxc3 43. Rc8+ Kf7 44. Rc7+ Ke6 45. Rg7 Kf5 46. Rf7+
Kxg5 47. Rf2 Nxd4 48. h4+ Kh6 0-1

[Event "HZ Chess Tournament 2023"]
[Site "Vlissingen, Netherlands"]
[Date "2023.08.10"]
[Round "7.11"]
[White "De Jong, Migchiel"]
[Black "Voege, Tobias"]
[Result "1/2-1/2"]
[WhiteElo "2313"]
[BlackElo "2257"]
[PlyCount "51"]

1. Nf3 Nf6 2. c4 c5 3. Nc3 Nc6 4. d4 cxd4 5. Nxd4 Qb6 6. Nc2 e6 7. e3 a6 8. Be2
Qc7 9. Bd2 d5 10. cxd5 exd5 11. O-O Bd6 12. h3 O-O 13. Nd4 Bc5 14. Rc1 Ba7 15.
Nf3 Bf5 16. Be1 Rad8 17. Qa4 Bb8 18. Qh4 d4 19. exd4 Nxd4 20. g3 Nxe2+ 21. Nxe2
Qe7 22. Ned4 Bg6 23. Bc3 Nd5 24. Qxe7 Nxe7 25. Nh4 Rfe8 26. Nxg6 1/2-1/2

[Event "HZ Chess Tournament 2023"]
[Site "Vlissingen, Netherlands"]
[Date "2023.08.10"]
[Round "7.12"]
[White "Van Delft, Merijn"]
[Black "Hu, Yu A"]
[Result "1-0"]
[WhiteElo "2369"]
[BlackElo "2056"]
[PlyCount "93"]

1. e4 e5 2. Nf3 Nc6 3. Bb5 a6 4. Ba4 Nf6 5. O-O Nxe4 6. d4 b5 7. Bb3 d5 8. dxe5
Be6 9. c3 Be7 10. h3 O-O 11. Re1 Bc5 12. Be3 Bxe3 13. Rxe3 Na5 14. Nbd2 Nxb3
15. axb3 Nxd2 16. Qxd2 Qd7 17. b4 f6 18. exf6 Rxf6 19. Nd4 Rg6 20. Kh1 Rh6 21.
Rg3 Kh8 22. Kg1 Rf6 23. Qe2 Re8 24. Re3 Bf7 25. Rxe8+ Bxe8 26. Re1 Bf7 27. Qe7
Qc8 28. Re5 h6 29. g4 Kg8 30. f3 a5 31. bxa5 c5 32. Nf5 Qa8 33. Qxc5 Qxa5 34.
Re1 Qa4 35. Qd4 Qc2 36. Qf2 Qd3 37. Qe2 Qc4 38. Qxc4 bxc4 39. Kg2 h5 40. Kg3
hxg4 41. hxg4 Rb6 42. Re2 Kf8 43. Kf4 Rf6 44. Kg5 Rg6+ 45. Kh4 Rb6 46. Nd4 Bg6
47. Re6 1-0

[Event "HZ Chess Tournament 2023"]
[Site "Vlissingen, Netherlands"]
[Date "2023.08.10"]
[Round "7.13"]
[White "Lommers, Frank"]
[Black "Eidelman, Gabriel"]
[Result "1/2-1/2"]
[WhiteElo "2190"]
[BlackElo "2204"]
[PlyCount "91"]

1. e4 c5 2. Nf3 Nc6 3. Bc4 e6 4. O-O a6 5. d4 cxd4 6. Nxd4 Qc7 7. Nxc6 Qxc6 8.
Bd3 Bc5 9. c4 Ne7 10. Kh1 b5 11. cxb5 axb5 12. Qe2 b4 13. Nd2 Qc7 14. Nb3 Bb6
15. Bd2 Nc6 16. f4 O-O 17. Rf3 Qd8 18. Rh3 g6 19. Be1 Qe8 20. Bh4 Bd8 21. e5
Bxh4 22. Rxh4 d6 23. Qe3 f5 24. exf6 Rxf6 25. Nd2 d5 26. Nf3 Ba6 27. Bc2 Bc4
28. a4 bxa3 29. bxa3 Rf7 30. Ng5 Rd7 31. Qh3 Raa7 32. Rh6 Rg7 33. Re1 Nd4 34.
Bb1 Rae7 35. Qc3 e5 36. Ne4 Qc6 37. fxe5 dxe4 38. Qxd4 Rd7 39. Qc3 Bd5 40. Qe3
Rge7 41. Qg3 Rf7 42. Rh4 Qc4 43. h3 Rf1+ 44. Kh2 Rxe1 45. Qxe1 Qd4 46. e6
1/2-1/2

[Event "HZ Chess Tournament 2023"]
[Site "Vlissingen, Netherlands"]
[Date "2023.08.10"]
[Round "7.14"]
[White "Boeren, Jurriaan"]
[Black "Ciolek, Andreas"]
[Result "1/2-1/2"]
[WhiteElo "1987"]
[BlackElo "2273"]
[PlyCount "45"]

1. e4 e5 2. Nf3 Nc6 3. Bb5 a6 4. Ba4 d6 5. O-O Bd7 6. c3 g6 7. d4 Bg7 8. Re1
Nf6 9. Nbd2 O-O 10. Nf1 Qe7 11. Ng3 Bg4 12. Bxc6 bxc6 13. dxe5 dxe5 14. h3 Rfd8
15. Qe2 Bd7 16. Be3 c5 17. Nd2 Bb5 18. c4 Ba4 19. Nb1 Be8 20. Nc3 c6 21. Na4
Nd7 22. Rad1 Bf8 23. b3 1/2-1/2

[Event "HZ Chess Tournament 2023"]
[Site "Vlissingen, Netherlands"]
[Date "2023.08.10"]
[Round "7.15"]
[White "De Boer, Eelke"]
[Black "Bezemer, Arno"]
[Result "1-0"]
[WhiteElo "2270"]
[BlackElo "2231"]
[PlyCount "31"]

1. e4 c5 2. Nc3 e6 3. d4 cxd4 4. Qxd4 Nc6 5. Qd3 a6 6. Bf4 b5 7. O-O-O Nf6 8.
Be2 d5 9. exd5 Nb4 10. Qe3 Nbxd5 11. Nxd5 Nxd5 12. Rxd5 Qxd5 13. Bf3 Bc5 14.
Qc3 Qf5 15. Ne2 Ra7 16. g4 1-0